000 00712nam a2200229Ia 4500
003 OSt
005 20220923224144.0
006 a|||||r|||| 00| 0
007 ta
008 Pun
024 _a226,731
037 _cTextual
040 _aARTS
_cARTS
_bPun
041 _2Pun
_aPun
082 _aO153,6(Y:351)x, P3
100 _aਮਾਨ, ਰੁਪਿੰਦਰ ਸਿੰਘ
245 0 _aਕਿਛੁ ਸੁਣੀਔ ਕਿਛੁ ਕਹੀਔ
260 _aਅੰਮ੍ਰਿਤਸਰ
_b ਵਾਰਿਸ Fਾਹ ਫਾੳਜ਼ਡੇFਨ
_c2003
300 _a168ਪੰ
_ccm.
942 _hO153,6(Y:351)x, P3
_cTEXL
_2CC
999 _c369587
_d369587